| 000 | 00558cam a2200217ua 4500 | ||
|---|---|---|---|
| 001 | 10002 | ||
| 008 | 170314n enk |||gr||||Z||||||eng | ||
| 020 | _a0330237381 | ||
| 040 | _cMAIN | ||
| 041 | _aeng | ||
| 082 | _a808 | ||
| 100 |
_aManley, Deborah, _eAuthor. |
||
| 245 |
_aPiccolo book of parties and party books _cBy Deborah Manley and Peta Ree |
||
| 250 | _a1st ed. | ||
| 260 |
_aLondon: _bPiccolo, _c1973. |
||
| 300 | _a154p. | ||
| 653 | _aRhetoric & collections of literature | ||
| 653 | _aSports | ||
| 700 |
_aRee, Peta, _eAuthor. |
||
| 942 | _cBK | ||
| 999 |
_c9001 _d9001 |
||